书目信息 |
| 题名: |
肉牛快速育肥新技术
|
|
| 作者: | 王建平 , 刘宁 主编 | |
| 分册: | ||
| 出版信息: | 北京 化学工业出版社 2016.02 |
|
| 页数: | 320页 | |
| 开本: | 21cm | |
| 丛书名: | ||
| 单 册: | ||
| 中图分类: | S823.9 | |
| 科图分类: | ||
| 主题词: | 肉牛--饲养管理 | |
| 电子资源: | ||
| ISBN: | 978-7-122-25712-3 | |
| 000 | 00947nam0 2200229 450 | |
| 001 | 4614 | |
| 005 | 20181012141717.37 | |
| 010 | @a978-7-122-25712-3@dCNY35.00 | |
| 100 | @a20160407d2016 em y0chiy50 ea | |
| 101 | 0 | @achi |
| 102 | @aCN@b110000 | |
| 105 | @aa z 000yy | |
| 200 | 1 | @a肉牛快速育肥新技术@9rou niu kuai su yu fei xin ji shu@b专著@f王建平,刘宁主编 |
| 210 | @a北京@c化学工业出版社@d2016.02 | |
| 215 | @a320页@c图@d21cm | |
| 330 | @a本书系统介绍了当前国内外肉牛快速育肥的实用新技术、研究成果和先进理念。内容包括:肉牛快速育肥的模式和发展趋势、适宜快速育肥的肉牛品种、选择快速育肥肉牛的新技术、肉牛快速育肥场建设新技术、牛的生物学特点及其在快速育肥中利用的新技术、肉牛快速育肥饲料加工利用新技术、肉牛快速育肥饲料添加剂利用新技术等。 | |
| 606 | 0 | @a肉牛@x饲养管理 |
| 690 | @aS823.9@v5 | |
| 701 | 0 | @a王建平@9wang jian ping@4主编 |
| 701 | 0 | @a刘宁@9liu ning@4主编 |
| 801 | 0 | @aCN@b91MARC@c20160516 |
| 905 | @aMuseLib@dS823.9@e170 | |
| 肉牛快速育肥新技术/王建平,刘宁主编.-北京:化学工业出版社,2016.02 |
| 320页:图;21cm |
| ISBN 978-7-122-25712-3:CNY35.00 |
| 本书系统介绍了当前国内外肉牛快速育肥的实用新技术、研究成果和先进理念。内容包括:肉牛快速育肥的模式和发展趋势、适宜快速育肥的肉牛品种、选择快速育肥肉牛的新技术、肉牛快速育肥场建设新技术、牛的生物学特点及其在快速育肥中利用的新技术、肉牛快速育肥饲料加工利用新技术、肉牛快速育肥饲料添加剂利用新技术等。 |
| ● |
| 相关链接 |
|
|
|
|
正题名:肉牛快速育肥新技术
索取号:S823.9/170
 
预约/预借
| 序号 | 登录号 | 条形码 | 馆藏地/架位号 | 状态 | 备注 |
| 1 | 1125981 | 211259813 | 第二样本阅览室/ [索取号:S823.9/170] | 在馆 | |
| 2 | 1125982 | 211259822 | 第三借阅区/ [索取号:S823.9/170] | 在馆 | |
| 3 | 1125983 | 211259831 | 第三借阅区/ [索取号:S823.9/170] | 在馆 | |
| 4 | 1125984 | 211259840 | 密集书库-生命科学系/ [索取号:S823.9/170] | 在馆 | |
| 5 | 1125985 | 211259859 | 第三借阅区/ [索取号:S823.9/170] | 在馆 |